000 00624nam a2200277Ia 4500
008 210210b2011 xxu||||| |||| 00| 0 eng d
020 _a9780415876087
041 _aeng
082 _a070.1 TURM
100 _aTUROW (Joseph)
245 _aMedia today: an introduction to mass communication Ed 4
250 _a
260 _aNew York
_bRoutledge
_c2011
300 _axxxii,621
650 _atoday:
650 _ato
650 _aMedia
650 _amass
650 _aintroduction
650 _aEd
650 _acommunication
650 _aan
650 _a4
690 _aJournalism
906 _a066742
999 _c149204
_d149204